000 00289nam a2200121Ia 4500
005 20251222143314.0
008 251222s9999||||xx |||||||||||||| ||spa||
082 _a869/B41
100 _aBellini, Giuseppe
245 0 _aLa Letteratura Ispano-Americana:
264 _bSansoni
942 _cLIB
999 _c15830
_d15830